=LDR 00000nam 2200000 4500 =001 INLIS000000000033437 =005 20130612135406 =008 ***********************************ind** =035 ##$$0010-061300000033437 =041 ##$$a ind =082 ##$$a 635.9 =090 ##$$a 635.9, Not v =100 ##$$a Notosoedarmo, Soenarto =245 ##$$a Violet afrika : (Si cantik warna berdaun beludru), Soemarto notosoedarmo, Bhadra shanti =260 ##$$a 2008 $b Bandung =300 ##$$a vi,96 hlm, Ilus, 21 cm =650 ##$$a Violet Afrika - Tanaman Hias =700 ##$$a Shanti, Bhadra =850 ##$$a NBPNMAT